Ahoj kytko / (Záznam č. 34266)
| 000 -Návěští | |
|---|---|
| Řídící pole kódované 24B | 01287nam a2200385 i 4500 |
| 001 - Kontrolní číslo | |
| Řídící pole proměnné | 016020008180254 |
| 003 - Identifikátor kontrolního čísla | |
| Řídící pole proměnné | CZ PrSKC |
| 005 - Datum posledního zpracování | |
| Řídící pole 16B | 20260512145338.0 |
| 008 - Údaje pevné délky | |
| Řídící pole kódované 40B | 260410s2026 xr ||| | cze |
| 020 ## - ISBN | |
| ISBN | 978-80-275-2434-1 |
| -- | (vázáno) |
| 040 ## - Zdroj katalogizace-agentura | |
| Agentura původní katalogizace | ULG001 |
| Jazyk katalogizace | cze |
| Použitá pravidla popisu | rda |
| 072 #7 - Kód předmětové kategorie - Konspekt | |
| Předmětová kategorie | 821.162.3-3 |
| Zpřesnění předmětové kategorie | Česká próza |
| Zdroj předmětové klasifikace | Konspekt |
| 072 #7 - Kód předmětové kategorie - Konspekt | |
| Předmětová kategorie | 821-93 |
| Zpřesnění předmětové kategorie | Literatura pro děti a mládež (beletrie) |
| Zdroj předmětové klasifikace | Konspekt |
| 080 ## - MDT | |
| Klasifikační znak MDT | 821.162.3-32 |
| Idetifikátor vydání MDT | MRF |
| 080 ## - MDT | |
| Klasifikační znak MDT | 821-93 |
| Idetifikátor vydání MDT | MRF |
| 080 ## - MDT | |
| Klasifikační znak MDT | (0:82-32) |
| Idetifikátor vydání MDT | MRF |
| 044 ## - Kód země vydání/výroby | |
| Kód geografické oblasti/země | xr |
| 100 1# - Hlavní záhlaví - osobní jméno autora | |
| Osobní jméno | Tachezy, Andrea, |
| Datumy související se jménem | 1966- |
| -- | jn20000402331 |
| Kód role | aut |
| -- | ill |
| 9 (RLIN) | 20747 |
| 245 10 - Údaje o názvu | |
| Název | Ahoj kytko / |
| Údaj o odpovědností, atd. | Andrea Tachezy |
| 250 ## - Údaje o vydání | |
| Označení vydání | První vydání |
| 264 #1 - Nakladatelské údaje | |
| Místo vydání | Brno : |
| Nakladatel | Host, |
| Rok vydání | 2026 |
| 300 ## - Fyzický popis | |
| Rozsah | 51 nečíslovaných stran : |
| další fyzické údaje | barevné ilustrace ; |
| Rozměry | 25 cm |
| 336 ## - | |
| -- | text |
| -- | txt |
| -- | rdacontent |
| 336 ## - | |
| -- | statický obraz |
| -- | sti |
| -- | rdacontent |
| 337 ## - | |
| -- | bez média |
| -- | n |
| -- | rdamedia |
| 338 ## - | |
| -- | svazek |
| -- | nc |
| -- | rdacarrier |
| 500 ## - Všeobecná poznámka | |
| Text obecné poznámky | Text a ilustrace Andrea Tachezy |
| 655 #7 - Rejstříkový termín - žánr/forma | |
| Žánr/forma či základní termín | české příběhy |
| -- | fd133973 |
| -- | czenas |
| 655 #7 - Rejstříkový termín - žánr/forma | |
| Žánr/forma či základní termín | publikace pro děti |
| -- | fd133156 |
| -- | czenas |
| 710 2# - Vedlejší záhlaví - jméno korporativního autora | |
| Jméno korporace nebo jurisdikce | Host (vydavatelství) |
| -- | ko2003163544 |
| Kód role | isb |
| 900 ## - | |
| -- | ULG001 |
| -- | 17 |
| 998 ## - Místní kontrolní číslo (RLIN) | |
| -- | 010827294 |
| 910 ## - Údaje o vlastníkovi jednotky (exempláře) | |
| Sigla vlastníka jednotky | ABG508 |
| 993 ## - pracovní čísla | |
| -- | 261.00 |
| -- | 399.00 |
| -- | Team Business |
| -- | 2026-05-12 |
| -- | 1076848 |
Žádné dostupné jednotky.